1819 1034 1244 1566 1849 1569 1983 1350 1970 1892 1198 1231 1010 1452 1433 1213 1916 1590 1274 1282 1429 1654 1188 1289 1887 1625 1723 1989 1430 1389 1107 1114 1850 1183 1860 1246 1317 1700 1905 1662 1170 1877 1142 1626 1305 1435 1618 1437 1254 1590 1085 1403 1737 1907 1091 1434 1856 1154 1176 1570 1796 1896 1555 1881 1952 1924 1307 1438 1429 1687 1915 1783 1432 1768 1719 1090 1343 1928 1318 1709 1279 1305 1959 1632 1089 1909 1440 1775 1630 1481 1881 1863 1557 1123 1598 1144 1464 1464 1194 BCNSPRNW ULIB Ver.6.0+V

เปลี่ยนเป็นภาษาไทย

Change to English
 แสดงรายละเอียดบรรณานุกรม
  กลับหน้าหลัก

Brief Record : Get Marc (ISO 2709) : E-mail record : QR code < ปิดหน้าต่าง
LEADER : 00000nam 2200000uu 4500
001    13399110959
003     ULIB
008    110614s||||||||th 000 0 tha d
020    9789749965474
050 04 AC158^bส783ห 2551
100 1  แบรดท์, แกรี่
245 10 หาโอกาสในวิกฤติ = The ring in the rubble /^cBradt Gary ;แปลและเรียบเรียงโดย สุธรรม ธรรมรงค์วิทย์
246 31 The ring in the rubble
260    กรุงเทพฯ :^bแมคกรอฮิล,^c2550
300    189 หน้า
650  7 ความสำเร็จทางธุรกิจ
700 00 สุธรรม ธรรมรงค์วิทย์,^eผู้แปล
945    ^p199^l0^i025708
995    ทศพร
999 ^a ใช้งานได้ทุกระบบ
รายการนี้ยังไม่มีแท็ก
คุณยังไม่ได้ล็อกอิน คุณสามารถมีกิจกรรมร่วมกับเว็บไซต์ได้ แต่ต้องล็อกอินก่อน ::
  ล็อกอิน

รายการสื่อสารสนเทศ

ลำดับที่ ประเภท เลขเรียก/บาร์โค้ด สถานที่ สถานะ
- ไม่พบข้อมูล -

รายการใกล้เคียง
    หัวเรื่อง [ความสำเร็จทางธุรกิจ]

BibComment


ยังไม่เคยถูกคอมเมนท์

คอมเมนท์ทรัพยากรรายการนี้
  คอมเมนท์: หาโอกาสในวิกฤติ ..


 Copyright 2026. Bcnsprnw @Library